Top 20 Netflix Shows 2013 Quiz Stats

Quiz not verified by Sporcle

Challenge
Share
Tweet
Embed
Score 0/20 Timer 05:00
0 Plays Today
TV Network Show % Correct
NetflixOrange is the New Black
77.9%
AMCBreaking Bad
76.5%
NetflixHouse of Cards
64.5%
AMCThe Walking Dead
61.6%
FOXFamily Guy
43.7%
ABC FamilyPretty Little Liars
42.1%
CWThe Vampire Diaries
33.1%
Comedy CentralSouth Park
32.8%
CBSHow I Met Your Mother
31.5%
NBCThe Office
30.7%
TV Network Show % Correct
BBCDoctor Who
30.4%
FOXArrested Development
27.7%
CWSupernatural
25.3%
CWGossip Girl
24.3%
ABCGrey's Anatomy
19.2%
FXIt's Always Sunny in Philadelphia
17.6%
FOXAmerican Dad
16.3%
CW-(WB)One Tree Hill
15.5%
Comedy CentralFuturama
12.5%
NBCLaw & Order
10.7%

You're not logged in!

Compare scores with friends on all Sporcle quizzes.
Sign Up with Email
OR
Log In

You Might Also Like...

Show Comments

Extras

Top Quizzes Today


Score Distribution

Your Account Isn't Verified!

In order to create a playlist on Sporcle, you need to verify the email address you used during registration. Go to your Sporcle Settings to finish the process.